Princes de fiction - Statistiques

Statistiques générales
  • Ce quiz a été pris 25 fois
  • Le résultat moyen est 14 sur 31
Statistiques - réponses
Prince Univers % Correct
Aladdin Aladdin
96%
Simba Le Roi Lion
96%
Hamlet Hamlet
91%
Prince Philippe La Belle au Bois Dormant
78%
Hans La Reine des Neiges
78%
Legolas Le Seigneur des Anneaux
78%
Bowser Junior Mario
78%
Vegeta Dragon Ball
74%
Charmant Shrek
70%
Naveen La Princesse et la Grenouille
61%
Thorin Ecu-de-Chêne Le Hobbit
61%
Caspian Le Monde de Narnia
61%
Prince Henri Cendrillon
57%
Télémaque L'Odyssée
57%
Stannis Baratheon Game of Thrones
52%
Prince Florian Blanche-Neige et les sept nains
48%
Zuko Avatar, le dernier maître de l'air
35%
Actarus Goldorak
35%
Prince Sidon The Legend of Zelda
35%
Abdallah (Ben Kalish Ezab) Les Aventures de Tintin
30%
Hector L'Iliade
30%
Fukaboshi One Piece
30%
Cloud Final Fantasy
26%
Taka Mufasa: Le Roi Lion
26%
Marth Fire Emblem
22%
Ashitaka Princesse Mononoke
22%
Tuxedo Mask/ Endymion Sailor Moon
9%
Loon Le Royaume des Chats
4%
Prince Hata Gintama
0%
Prince Wally Kim Possible
0%
Goro Mortal Kombat
0%
Aucun quiz correspondant
Distribution des résultats
% des personnes avec chaque résultat
Percentile par nombre de réponses
Votre historique - résultats
Vous n’avez pas pris ce quiz